| 000 | 01068nam a2200289Ia 4500 | ||
|---|---|---|---|
| 001 | ebr10044917 | ||
| 003 | CaPaEBR | ||
| 006 | m u | ||
| 007 | cr cn||||||||| | ||
| 008 | 011106s2003 enk sb 000 0 eng d | ||
| 020 | _z184150890X | ||
| 040 |
_aCaPaEBR _cCaPaEBR |
||
| 035 | _a(OCoLC)614689806 | ||
| 050 | 1 | 4 |
_aPS623 _b.M57 2003eb |
| 100 | 1 | _aMitchell, Rick. | |
| 245 | 1 | 0 |
_aBrecht in L.A _h[electronic resource] / _ca play by Rick Mitchell. |
| 246 | 3 | _aBrecht in Los Angeles | |
| 260 |
_aBristol ; _aPortland : _bIntellect, _c2003. |
||
| 300 | _aviii, 134 p. | ||
| 504 | _aIncludes bibliographical references. | ||
| 533 |
_aElectronic reproduction. _bPalo Alto, Calif. : _cebrary, _d2009. _nAvailable via World Wide Web. _nAccess may be limited to ebrary affiliated libraries. |
||
| 600 | 1 | 0 |
_aBrecht, Bertolt, _d1898-1956. |
| 650 | 0 | _aDrama. | |
| 655 | 7 |
_aElectronic books. _2local |
|
| 710 | 2 | _aebrary, Inc. | |
| 856 | 4 | 0 |
_uhttp://site.ebrary.com/lib/rucke/Doc?id=10044917 _zAn electronic book accessible through the World Wide Web; click to view |
| 999 |
_c75354 _d75354 |
||